000 00460nam a2200193Ia 4500
003 OSt
005 20260428121224.0
008 250729s2011 xx 000 0 und d
020 _a978-8183162258
040 _cAL
041 _aeng
082 _a50 KRIS
100 _aV. Kishnamacharyalu
_9230933
245 _aScience education
260 _aNew Delhi
_bNeelkamal Publication
_c2011
300 _a356p
650 _aScience
_9230934
942 _2ddc
_cBED
999 _c239029
_d239029